Vainqueur du Trophée des Champions - Statistiques

Statistiques générales
  • Ce quiz a été pris 116 fois
  • Le résultat moyen est 11 sur 14
Statistiques - réponses
Gagnés Clubs % Correct
3 OM
100%
12 PSG
100%
8 OL
99%
1 LOSC Lille
93%
3 FC Nantes
92%
3 Girondins de Bordeaux
92%
4 AS Monaco
91%
5 ASSE
86%
1 FC Stade Rennais
83%
1 OGC Nice
79%
4 Stade de Reims
61%
1 Le Havre AC
35%
1 SC Bastia
32%
1 UA Sedan-Torcy
23%
Aucun quiz correspondant
Distribution des résultats
% des personnes avec chaque résultat
Percentile par nombre de réponses
Votre historique - résultats
Vous n’avez pas pris ce quiz